| 000 | 00552nam a22001457a 4500 | ||
|---|---|---|---|
| 020 | _a0-09-932831-3 | ||
| 082 |
_a823 _bPEC/B |
||
| 100 | _aPECK, M SCOTT | ||
| 245 | _aA BED BY THE WINDOW | ||
| 260 |
_aLONDON _bARROW BOOKS _c1994 |
||
| 300 | _a438 | ||
| 520 | _aSet in a Midwestern nursing home, a newly transplanted New York police officer's first homicide involves a young cerebral palsy patient who, while unable to speak or move, has had a great influence on those with whom he has come in contact. | ||
| 650 |
_aNOVEL _zUNITED KINGDOM |
||
| 942 | _cBK | ||
| 999 |
_c2423 _d2423 |
||